[Event "13sen.WMH 2003 Senioren"]
[Site "Bad Zwischenahn(17.11.-29.11.2003)"]
[Date "2003.11.29"]
[Round "2.85"]
[White "Nolte, Wilhelm"]
[Black "Kuehn, Peter[38NBrandb]"]
[Result "1/2-1/2"]
[WhiteElo "1670"]
[BlackElo "1882"]
[PlyCount "48"]


1. e4 c5 2. Nf3 e6 3. d4 cxd4 4. Nxd4 Nf6 5. Bd3 Nc6 6. Be3 d6 7. O-O Bd7 8.
Nc3 Be7 9. Qe2 a6 10. f4 Qc7 11. Kh1 Rc8 12. Rac1 O-O 13. a3 Na5 14. Bg1 Nc4
15. Bxc4 Qxc4 16. Qxc4 Rxc4 17. h3 e5 18. fxe5 dxe5 19. Nf5 Bxf5 20. Rxf5 Nxe4
21. Nxe4 Rxe4 22. Rf3 Bg5 23. Rd1 Re2 24. Rc3 g6 1/2-1/2

[Event "13sen.WMH 2003 Senioren"]
[Site "Bad Zwischenahn(17.11.-29.11.2003)"]
[Date "2003.11.29"]
[Round "2.86"]
[White "Korn, Juergen-Christof"]
[Black "Mueller, Helmut[30Lüneb]"]
[Result "0-1"]
[WhiteElo "1979"]
[BlackElo "1694"]
[PlyCount "64"]


1. g3 e5 2. Bg2 Nf6 3. d3 Nc6 4. Nf3 Bc5 5. Nc3 d6 6. Bg5 h6 7. Bxf6 Qxf6 8.
Ne4 Qe7 9. Nxc5 dxc5 10. c3 O-O 11. O-O Rb8 12. Nd2 Nd8 13. f4 exf4 14. Rxf4 b6
15. Nc4 Bb7 16. e4 Ne6 17. Rf2 Rbd8 18. Ne3 Ng5 19. Qc2 Qd7 20. Rd2 Bxe4 21.
Rad1 Bxg2 22. Rxg2 Rfe8 23. Nf1 Qf5 24. Qa4 Nh3+ 25. Kh1 Nf2+ 26. Rxf2 Qxf2 27.
Qc6 Re2 28. d4 cxd4 29. a4 a5 30. b4 Rd6 31. Qa8+ Kh7 32. c4 c6 0-1

[Event "13sen.WMH 2003 Senioren"]
[Site "Bad Zwischenahn(17.11.-29.11.2003)"]
[Date "2003.11.29"]
[Round "2.87"]
[White "Fleischer, Martin"]
[Black "Bakalarczyk, Wlodzimierz"]
[Result "1/2-1/2"]
[WhiteElo "1681"]
[BlackElo "1905"]
[PlyCount "149"]


1. e4 c5 2. Nf3 e6 3. c3 Nc6 4. a3 Qa5 5. d3 b5 6. Nbd2 Be7 7. Be2 Nf6 8. O-O
d6 9. Re1 O-O 10. Nf1 Rb8 11. Ng5 h6 12. Nf3 Rd8 13. Bd2 Qc7 14. b4 d5 15. exd5
Nxd5 16. Ng3 Nf4 17. Bxf4 Qxf4 18. Qc2 Bb7 19. bxc5 Bxc5 20. d4 Bb6 21. Bxb5
Rbc8 22. Qb2 Ne7 23. Be2 Rb8 24. Red1 Bxf3 25. Bxf3 Bxd4 26. Qc2 Bb6 27. Rab1
Qe5 28. Re1 Qc5 29. a4 Rbc8 30. Ne4 Qc7 31. Rb3 Nf5 32. Qe2 Ba5 33. Reb1 Nd6
34. Nxd6 Qxd6 35. c4 Qf4 36. Be4 Rd4 37. Bd3 Bb6 38. g3 Qd6 39. Qf3 Rd8 40. Bf1
Rd2 41. Be2 Qd4 42. a5 Bxa5 43. Rb7 f6 44. Qh5 f5 45. Qf7+ Kh8 46. Qh5 Bb6 47.
Rf1 Rf8 48. Re7 f4 49. Re8 Rxe8 50. Qxe8+ Kh7 51. Bf3 Qf6 52. Be4+ g6 53. Bd5
h5 54. Qd7+ Kh6 55. Qc8 e5 56. Qh3 fxg3 57. Qxg3 Qg5 58. Qxg5+ Kxg5 59. h3 Bc7
60. Kg2 Bb6 61. Kg3 h4+ 62. Kf3 Rd3+ 63. Kg2 Rd2 64. Be6 Kf4 65. Bd5 Bc5 66.
Kh1 Rxf2 67. Rxf2+ Bxf2 68. Kg2 Bc5 69. Bc6 g5 70. Bb5 a5 71. Bd7 a4 72. Bxa4
g4 73. hxg4 Kxg4 74. Bd1+ Kf4 75. Kh3 1/2-1/2

[Event "13sen.WMH 2003 Senioren"]
[Site "Bad Zwischenahn(17.11.-29.11.2003)"]
[Date "2003.11.29"]
[Round "2.88"]
[White "Mueller, Heinz[41Sandersd]"]
[Black "Rudolph, Joachim"]
[Result "1/2-1/2"]
[WhiteElo "1777"]
[BlackElo "1653"]
[PlyCount "78"]


1. d4 e6 2. c4 f5 3. g3 Nf6 4. Bg2 Be7 5. Nf3 O-O 6. O-O c6 7. Nc3 d5 8. b3 Ne4
9. Qc2 Nd7 10. Bb2 Ndf6 11. Rad1 Bd7 12. Ne5 Bd6 13. f3 Nxc3 14. Qxc3 Qe7 15.
c5 Bc7 16. Rfe1 Rae8 17. b4 a6 18. e4 fxe4 19. fxe4 Bxe5 20. dxe5 Ng4 21. Rf1
Nh6 22. Qd2 Rxf1+ 23. Rxf1 Rf8 24. Rxf8+ Qxf8 25. h3 Nf7 26. Qe3 Qd8 27. exd5
cxd5 28. Bxd5 exd5 29. e6 Qe7 30. exf7+ Qxf7 31. Kg2 Bc6 32. Bd4 Qf5 33. Qe5
Qe4+ 34. Kf2 Qxe5 35. Bxe5 Kf7 36. Ke3 g6 37. Kf4 Ke6 38. Bd4 h5 39. Kg5 Kf7
1/2-1/2

[Event "13sen.WMH 2003 Senioren"]
[Site "Bad Zwischenahn(17.11.-29.11.2003)"]
[Date "2003.11.29"]
[Round "2.89"]
[White "Olberg, Gerhard"]
[Black "Schwichtenberg, Juergen"]
[Result "1/2-1/2"]
[WhiteElo "1630"]
[BlackElo "1671"]
[PlyCount "42"]


1. c4 c5 2. Nc3 b6 3. Nf3 Bb7 4. e3 Nc6 5. Be2 Nf6 6. O-O e6 7. d4 d5 8. cxd5
Nxd5 9. a3 Be7 10. dxc5 Bxc5 11. Nxd5 exd5 12. b4 Be7 13. Bb2 O-O 14. Rc1 Qd6
15. Nd4 Nxd4 16. Bxd4 Rfc8 17. Qd2 Rxc1 18. Rxc1 f6 19. f4 g6 20. Kf2 Kf7 21.
Bd3 Qd7 1/2-1/2

[Event "13sen.WMH 2003 Senioren"]
[Site "Bad Zwischenahn(17.11.-29.11.2003)"]
[Date "2003.11.29"]
[Round "2.90"]
[White "Perk, Egbert"]
[Black "Dirksen, Arno"]
[Result "1-0"]
[WhiteElo "1883"]
[BlackElo "1678"]
[PlyCount "131"]


1. d4 Nf6 2. e3 c5 3. Nf3 cxd4 4. exd4 d5 5. Bd3 Nc6 6. c3 Bg4 7. Nbd2 e6 8.
Qa4 Nd7 9. Bb5 Qc8 10. Ne5 Ncxe5 11. dxe5 Bf5 12. O-O a6 13. Bxd7+ Qxd7 14.
Qxd7+ Kxd7 15. Nb3 Be7 16. Be3 Rhc8 17. Rfe1 Rab8 18. Nd4 Bg6 19. a4 Rc7 20. h3
Rbc8 21. a5 Rc4 22. Bd2 R4c7 23. b4 Bd3 24. Re3 Bc4 25. f4 g6 26. g4 Rg8 27.
Kh2 Rcc8 28. Be1 h6 29. Bf2 Bd8 30. Rf3 Bc7 31. Re1 Rce8 32. Bg3 Rgf8 33. f5
Bb8 34. Bf4 g5 35. Bg3 Bc7 36. Rc1 Bb8 37. Re1 Bc7 38. Ree3 Bb8 39. Rf2 Bc7 40.
fxe6+ fxe6 41. Ref3 Rxf3 42. Rxf3 Bd8 43. Rf7+ Re7 44. Rf6 b6 45. axb6 Bxb6 46.
Rxh6 a5 47. bxa5 Bxa5 48. Be1 Bd3 49. Rf6 Re8 50. Bd2 Bd8 51. Rf7+ Re7 52.
Rxe7+ Bxe7 53. Nf3 Be4 54. Nxg5 Bxg5 55. Bxg5 Ke8 56. Kg3 Kf7 57. Bf6 Kg6 58.
h4 Kh7 59. Kf4 Bd3 60. Kg5 Be2 61. h5 Bd1 62. Kh4 Bc2 63. g5 Bf5 64. g6+ Kh6
65. Be7 Be4 66. Bf8# 1-0

[Event "13sen.WMH 2003 Senioren"]
[Site "Bad Zwischenahn(17.11.-29.11.2003)"]
[Date "2003.11.29"]
[Round "2.91"]
[White "Ollek, Karl-Heinz"]
[Black "Erbs, Wolfgang"]
[Result "1/2-1/2"]
[WhiteElo "1606"]
[BlackElo "1727"]
[PlyCount "86"]


1. c4 e6 2. Nc3 b6 3. Nf3 Bb7 4. e3 f5 5. d4 Nf6 6. Be2 d6 7. O-O Ne4 8. d5
Nxc3 9. bxc3 e5 10. a4 a5 11. g3 Be7 12. Nd2 O-O 13. Nb3 Nd7 14. f4 g6 15. Ba3
Re8 16. fxe5 dxe5 17. d6 Bg5 18. Bf3 Bxe3+ 19. Kg2 e4 20. Be2 c5 21. Bc1 Bxc1
22. Nxc1 Qf6 23. Na2 Re6 24. Qc2 Rxd6 25. Rad1 Ne5 26. Rxd6 Qxd6 27. Rd1 Qc6
28. Rd5 Qc7 29. Qd1 Nd3 30. Kg1 Bxd5 31. cxd5 c4 32. Kg2 Qc5 33. Bxd3 cxd3 34.
Qb3 Qd6 35. c4 Rc8 36. Qb5 Rc5 37. Qa6 Qc7 38. Nc3 Rxc4 39. d6 Qxd6 40. Qxc4+
Kg7 41. Kf2 Qa3 42. Qd4+ Kh6 43. Qe3+ Kg7 1/2-1/2

[Event "13sen.WMH 2003 Senioren"]
[Site "Bad Zwischenahn(17.11.-29.11.2003)"]
[Date "2003.11.29"]
[Round "2.92"]
[White "Szymaniak, Horst"]
[Black "Miessner, Rolf"]
[Result "1/2-1/2"]
[WhiteElo "2007"]
[BlackElo "1616"]
[PlyCount "98"]


1. e4 d5 2. exd5 Qxd5 3. Nc3 Qa5 4. d4 c6 5. Bc4 Bf5 6. Nf3 Nf6 7. Ne5 e6 8.
O-O Be7 9. Bd2 Qd8 10. Bf4 O-O 11. Re1 Nbd7 12. Bd3 Bxd3 13. Qxd3 Nd5 14. Nxd5
exd5 15. Qf5 Nxe5 16. dxe5 Kh8 17. Re3 g6 18. Qg4 f5 19. exf6 Bxf6 20. Rae1 Bd4
21. Be5+ Bxe5 22. Rxe5 Qf6 23. Qg3 Rf7 24. h4 Raf8 25. R1e2 Qf4 26. Qg5 Kg7 27.
g3 Qxg5 28. hxg5 h6 29. gxh6+ Kxh6 30. f4 Kg7 31. Kg2 Rf5 32. Kh3 R8f7 33. Kg4
R5f6 34. Re8 Rf8 35. Rxf8 Rxf8 36. Re7+ Rf7 37. Re5 Kf6 38. Kf3 Rg7 39. g4 Re7
40. Rxe7 Kxe7 41. b4 b6 42. c3 a5 43. a3 c5 44. b5 Kf6 45. a4 Ke6 46. Ke3 Kf6
47. Kd3 Ke6 48. Ke3 Kf6 49. Kf3 Ke6 1/2-1/2

[Event "13sen.WMH 2003 Senioren"]
[Site "Bad Zwischenahn(17.11.-29.11.2003)"]
[Date "2003.11.29"]
[Round "2.93"]
[White "Heimberg, Guenter"]
[Black "Schneider, Miloca"]
[Result "1/2-1/2"]
[WhiteElo "1667"]
[BlackElo "1818"]
[PlyCount "99"]


1. c4 e5 2. Nc3 Nf6 3. g3 d5 4. cxd5 Nxd5 5. Bg2 c6 6. Nf3 Bd6 7. O-O O-O 8. d3
Nd7 9. Ne4 Bc7 10. Qb3 h6 11. Rd1 Qe7 12. Bh3 Nc5 13. Nxc5 Bxh3 14. Ne4 Bb6 15.
Nc3 Rad8 16. a4 Nxc3 17. bxc3 e4 18. dxe4 Qxe4 19. Re1 c5 20. Qb1 Qc4 21. Qc2
Ba5 22. Bb2 Rfe8 23. e3 Qg4 24. Qe2 Rd3 25. Rad1 Red8 26. Rxd3 Rxd3 27. Rd1
Rxd1+ 28. Qxd1 Qe4 29. Ne1 Bg4 30. Qd3 Qxa4 31. f3 Be6 32. Qd2 c4 33. Nc2 Bh3
34. Kf2 Qa2 35. Ne1 b5 36. g4 Bc7 37. Kg1 h5 38. gxh5 Qa6 39. Qd5 Qh6 40. Qa8+
Kh7 41. Qe4+ f5 42. Qe8 Qg5+ 43. Kf2 Bxh2 44. Qg6+ Qxg6 45. hxg6+ Kxg6 46. f4
a5 47. Ba3 Kf6 48. Nf3 Bxf4 49. exf4 Bg4 50. Nd4 1/2-1/2

[Event "13sen.WMH 2003 Senioren"]
[Site "Bad Zwischenahn(17.11.-29.11.2003)"]
[Date "2003.11.29"]
[Round "2.94"]
[White "Becker, Karl-Heinz[31Köln]"]
[Black "Kudoke, Willy"]
[Result "1/2-1/2"]
[WhiteElo "1534"]
[BlackElo "1847"]
[PlyCount "40"]


1. d4 d5 2. Nf3 Nf6 3. Bg5 Nbd7 4. e3 c6 5. Bd3 g6 6. Nbd2 Bg7 7. O-O O-O 8. b4
Qb6 9. Rb1 a5 10. a3 a4 11. c4 Qd8 12. c5 b5 13. Qc2 h6 14. Bf4 Nh5 15. Be5 f5
16. Bxg7 Nxg7 17. Nh4 Qe8 18. Nhf3 Nf6 19. Ne5 Ne4 20. g4 Rf6 1/2-1/2

[Event "13sen.WMH 2003 Senioren"]
[Site "Bad Zwischenahn(17.11.-29.11.2003)"]
[Date "2003.11.29"]
[Round "2.95"]
[White "Pitro, Erwin"]
[Black "Boehm, Karl"]
[Result "1-0"]
[WhiteElo "1947"]
[BlackElo "1615"]
[PlyCount "127"]


1. f4 d5 2. b3 Nf6 3. Bb2 e6 4. Nf3 Be7 5. e3 O-O 6. Be2 c5 7. O-O Nc6 8. Ne5
Qc7 9. Nxc6 Qxc6 10. Bf3 Qd7 11. d3 Rd8 12. Nd2 b6 13. Qe1 Bb7 14. g4 Rac8 15.
Rd1 b5 16. g5 Ne8 17. Bg4 d4 18. e4 Qc6 19. Nf3 Qb6 20. Ne5 Qc7 21. h4 Bd6 22.
Qg3 Qe7 23. Qh3 Bxe5 24. fxe5 c4 25. dxc4 bxc4 26. Bxd4 Bxe4 27. c3 Bd5 28. b4
Ra8 29. Rf2 Nc7 30. Rdf1 Rf8 31. Bc5 Qd7 32. Bxf8 Rxf8 33. h5 Be4 34. h6 Qd3
35. hxg7 Kxg7 36. Qxd3 Bxd3 37. Be2 Nd5 38. Bxd3 cxd3 39. Rd2 Nxc3 40. Rxd3
Nxa2 41. Rb3 Rc8 42. Ra3 Nxb4 43. Rxa7 Rf8 44. Rb7 Nd5 45. Kf2 Re8 46. Ra1 Kg6
47. Raa7 Rf8 48. Kf3 Kg7 49. Rd7 Kg6 50. Ke4 Nc3+ 51. Kd3 Nd5 52. Kd4 Nf4 53.
Ra3 Nd5 54. Ke4 Nb6 55. Rb7 Nd5 56. Rh3 Kg7 57. Rh6 Ra8 58. Rxe6 Nc3+ 59. Kd3
Nd5 60. Rd6 Nf4+ 61. Ke4 Ng6 62. e6 Ra4+ 63. Rd4 Ra6 64. Rxf7+ 1-0

[Event "13sen.WMH 2003 Senioren"]
[Site "Bad Zwischenahn(17.11.-29.11.2003)"]
[Date "2003.11.29"]
[Round "2.96"]
[White "Petzold, Hilmar"]
[Black "Gutknecht, Christa"]
[Result "1-0"]
[WhiteElo "1951"]
[BlackElo "1666"]
[PlyCount "69"]


1. e4 d5 2. exd5 Qxd5 3. Nc3 Qa5 4. Nf3 Nf6 5. Bc4 Bf5 6. d3 c6 7. Bd2 Nbd7 8.
Qe2 e6 9. O-O-O Qc7 10. h3 Bd6 11. Nd4 O-O-O 12. Nxf5 exf5 13. Bxf7 Kb8 14.
Rhe1 Ne5 15. Bb3 Rhe8 16. Qf1 h6 17. f4 Nf7 18. Kb1 Nh5 19. Qf3 g6 20. g4 Ng7
21. a3 Re7 22. Rxe7 Qxe7 23. Re1 Qd7 24. Ne2 Re8 25. Nd4 Rxe1+ 26. Bxe1 c5 27.
Ne2 Nd8 28. Bc3 Nge6 29. gxf5 gxf5 30. Qd5 Nf8 31. Be5 Kc7 32. Qxc5+ Nc6 33.
Nc3 Bxe5 34. Nb5+ Kb8 35. Qxf8+ 1-0

[Event "13sen.WMH 2003 Senioren"]
[Site "Bad Zwischenahn(17.11.-29.11.2003)"]
[Date "2003.11.29"]
[Round "2.97"]
[White "Postel, Richard"]
[Black "Filzmaier, Bruno"]
[Result "1/2-1/2"]
[WhiteElo "1690"]
[BlackElo "1784"]
[PlyCount "72"]


1. e4 e6 2. d4 d5 3. Nd2 dxe4 4. Nxe4 Nf6 5. Nxf6+ Qxf6 6. Nf3 h6 7. c3 Bd6 8.
Bd3 Nc6 9. Be3 O-O 10. Qc2 e5 11. dxe5 Nxe5 12. Nxe5 Bxe5 13. O-O-O Bf4 14.
Bxf4 Qxf4+ 15. Kb1 Be6 16. g3 Qf6 17. Be4 c6 18. f4 Rad8 19. Rhe1 Bg4 20. Rxd8
Rxd8 21. Kc1 g6 22. Rh1 Qd6 23. h3 Be6 24. b3 Qc5 25. Re1 f5 26. Bf3 Kf7 27.
Kb2 a5 28. Qe2 Rd6 29. g4 a4 30. gxf5 gxf5 31. Bh5+ Ke7 32. Qg2 a3+ 33. Kc2 Qd5
34. Qxd5 Rxd5 35. Bf3 Rd8 36. Rg1 Rg8 1/2-1/2

[Event "13sen.WMH 2003 Senioren"]
[Site "Bad Zwischenahn(17.11.-29.11.2003)"]
[Date "2003.11.29"]
[Round "2.98"]
[White "Lundberg, Gunnar"]
[Black "Schuller, Erhard"]
[Result "1-0"]
[WhiteElo "1874"]
[BlackElo "1586"]
[PlyCount "147"]


1. e4 c5 2. Nf3 d6 3. d4 cxd4 4. Nxd4 Nf6 5. Nc3 a6 6. f4 Qc7 7. Be2 e6 8. Be3
Be7 9. O-O Nc6 10. Qe1 Nxd4 11. Bxd4 e5 12. Be3 b5 13. a3 Bb7 14. Bd3 Rc8 15.
Qg3 g6 16. fxe5 dxe5 17. Qf3 O-O 18. Bh6 Rfe8 19. Kh1 Bd8 20. Rae1 Nh5 21. Re3
Qd7 22. Rd1 Qe6 23. Rf1 Ng7 24. a4 Rxc3 25. bxc3 bxa4 26. Qe2 Re7 27. Bg5 Rd7
28. Bxd8 Rxd8 29. Bc4 Qb6 30. Bxf7+ Kh8 31. Ref3 a3 32. Bb3 Nh5 33. g3 a5 34.
Rf8+ Rxf8 35. Rxf8+ Kg7 36. Rf7+ Kh8 37. Rf1 Nf6 38. Qf2 Bxe4+ 39. Kg1 Qxf2+
40. Rxf2 Kg7 41. Rf1 Nd5 42. Ra1 Nxc3 43. Rxa3 Ne2+ 44. Kf2 Nd4 45. Rxa5 Bxc2
46. Bxc2 Nxc2 47. Rxe5 Kf6 48. Re4 Na3 49. Ra4 Nb5 50. Ra6+ Kg7 51. Ke3 h5 52.
Kd3 Kh6 53. h4 Nc7 54. Rd6 Ne8 55. Ra6 Ng7 56. Ke4 Nf5 57. Kf4 Ng7 58. Ke5 Nf5
59. Ra3 Kg7 60. Rf3 Nh6 61. Ke6 Kh7 62. Kf6 Ng4+ 63. Kg5 Kg7 64. Ra3 Nh6 65.
Ra7+ Nf7+ 66. Kf4 Kf6 67. Ke4 Kg7 68. Kd5 Kf6 69. Ra1 Nh6 70. Rf1+ Kg7 71. Rf4
Nf5 72. Rxf5 gxf5 73. Ke5 Kg6 74. Ke6 1-0

[Event "13sen.WMH 2003 Senioren"]
[Site "Bad Zwischenahn(17.11.-29.11.2003)"]
[Date "2003.11.29"]
[Round "2.99"]
[White "Kaiser, Hans[35BGladb]"]
[Black "Keze, Arnis"]
[Result "1/2-1/2"]
[WhiteElo "1583"]
[BlackElo "1824"]
[PlyCount "94"]


1. e4 c5 2. Nf3 Nc6 3. d4 cxd4 4. Nxd4 d6 5. Nc3 a6 6. Be3 Nf6 7. Be2 Qc7 8.
O-O Nxd4 9. Qxd4 e5 10. Qd2 Be6 11. Nd5 Bxd5 12. exd5 Rc8 13. c4 Be7 14. b4 O-O
15. a4 Nd7 16. g4 Qd8 17. Bd3 Nf6 18. h3 g6 19. a5 Qd7 20. Kh2 Kh8 21. g5 Nh5
22. Rg1 Ng7 23. f4 Nf5 24. Bf2 f6 25. h4 exf4 26. Qxf4 fxg5 27. hxg5 Qd8 28.
Qd2 Ng7 29. Bd4 Rf7 30. Rae1 Qf8 31. Rg2 Re8 32. Rge2 Kg8 33. Be3 Nf5 34. Bf2
Ng7 35. Bd4 Rf3 36. Be3 Nf5 37. Bxf5 Qxf5 38. Rg2 Bf8 39. Bf2 Rxe1 40. Qxe1 Bg7
41. Qe8+ Qf8 42. Qe6+ Kh8 43. Bg3 Rxg3 44. Kxg3 Be5+ 45. Kh4 Qf1 46. Qe8+ Kg7
47. Qe7+ Kg8 1/2-1/2

[Event "13sen.WMH 2003 Senioren"]
[Site "Bad Zwischenahn(17.11.-29.11.2003)"]
[Date "2003.11.29"]
[Round "2.100"]
[White "Moeckel, Edgar,Dr."]
[Black "Thonig, Manfred"]
[Result "1-0"]
[WhiteElo "1805"]
[BlackElo "1538"]
[PlyCount "31"]


1. d4 f5 2. Bg5 d5 3. e3 Nf6 4. c4 c5 5. Bxf6 exf6 6. cxd5 Qxd5 7. Nc3 Qd6 8.
Nf3 cxd4 9. Nxd4 a6 10. Bd3 g6 11. O-O Bg7 12. Bc4 Bd7 13. Qb3 Bh6 14. Qxb7 Bc6
15. Qf7+ Kd8 16. Nxc6+ 1-0

[Event "13sen.WMH 2003 Senioren"]
[Site "Bad Zwischenahn(17.11.-29.11.2003)"]
[Date "2003.11.29"]
[Round "2.101"]
[White "Budde, Reinhard"]
[Black "Rickers, Gerd"]
[Result "0-1"]
[WhiteElo "1575"]
[BlackElo "1957"]
[PlyCount "96"]


1. e4 e5 2. Nf3 Nc6 3. Bb5 a6 4. Ba4 Nf6 5. O-O Be7 6. Re1 b5 7. Bb3 d6 8. h3
O-O 9. c3 Na5 10. Bc2 c5 11. d4 Qc7 12. d5 Bd7 13. Nbd2 Kh8 14. Nf1 Ng8 15. Ng3
g6 16. Nh2 Bf6 17. Ng4 Bg7 18. Ne3 Ne7 19. Ng4 Nc4 20. b3 Nb6 21. h4 Bxg4 22.
Qxg4 Qd7 23. Qxd7 Nxd7 24. h5 Ng8 25. Bd2 Bh6 26. Bxh6 Nxh6 27. Re3 Kg7 28. Rf3
Nf6 29. hxg6 fxg6 30. a4 Nf7 31. Bd1 Rfb8 32. a5 h5 33. Re3 Ng5 34. f3 Rh8 35.
Nf1 h4 36. Nh2 Nh5 37. Ra2 Nh7 38. Rf2 N7f6 39. Ng4 Raf8 40. Nxf6 Kxf6 41. f4
Nxf4 42. Bg4 Rh7 43. Rh3 Kg5 44. Be6 Nxh3+ 45. Bxh3 Rxf2 46. Kxf2 Kf4 47. Bc8
Ra7 48. Bh3 b4 0-1

[Event "13sen.WMH 2003 Senioren"]
[Site "Bad Zwischenahn(17.11.-29.11.2003)"]
[Date "2003.11.29"]
[Round "2.102"]
[White "Fries, Karl-Heinz"]
[Black "Poschmann, Hans"]
[Result "1-0"]
[WhiteElo "1744"]
[BlackElo "1533"]
[PlyCount "120"]


1. e4 c5 2. Nf3 d6 3. d4 cxd4 4. Nxd4 Nf6 5. Nc3 a6 6. Bg5 e6 7. Qd2 Be7 8.
O-O-O Nbd7 9. f4 h6 10. Bxf6 Nxf6 11. Be2 Qc7 12. g4 Bd7 13. h4 O-O-O 14. Rh3
g6 15. Rg1 Kb8 16. Rgg3 e5 17. Nb3 Bc6 18. Nd5 Bxd5 19. exd5 Ne4 20. Qb4 Nxg3
21. Rxg3 Ka8 22. Rc3 Qb8 23. Nd2 Rd7 24. Nc4 Bd8 25. Ra3 Bc7 26. Qa4 Rhd8 27.
b4 Qa7 28. b5 Kb8 29. bxa6 Qxa6 30. Qb4 Qxa3+ 31. Qxa3 f5 32. Qe3 e4 33. Nb6
Rg7 34. g5 hxg5 35. hxg5 Rh7 36. Bb5 Rdh8 37. Nd7+ Kc8 38. Nf6 Re7 39. Kb2 Rh2
40. Ng8 Rg7 41. Nh6 Re7 42. Kb3 Rh1 43. a4 Kb8 44. Be2 Ba5 45. Qd4 Rh3+ 46. Ka2
Rc7 47. c4 Bc3 48. Qd1 Bb4 49. Kb1 Ra3 50. Kb2 Rc5 51. Qc2 Ra5 52. Bd1 Bc5 53.
Qg2 Ra6 54. Bc2 Rb6+ 55. Kc1 Be3+ 56. Kd1 Bxf4 57. Nxf5 gxf5 58. g6 Be5 59. g7
Bxg7 60. Qxg7 Rf3 1-0

[Event "13sen.WMH 2003 Senioren"]
[Site "Bad Zwischenahn(17.11.-29.11.2003)"]
[Date "2003.11.29"]
[Round "2.103"]
[White "Kunze, Manfred"]
[Black "Bardin, Christian"]
[Result "0-1"]
[WhiteElo "1550"]
[BlackElo "1763"]
[PlyCount "102"]


1. c4 e5 2. Nc3 Nf6 3. Nf3 Nc6 4. a3 d5 5. cxd5 Nxd5 6. Qb3 Nf6 7. e4 Bd6 8.
Bc4 O-O 9. O-O Na5 10. Qa2 Nxc4 11. Qxc4 Be6 12. Qe2 a6 13. d3 h6 14. Rd1 Bb3
15. Rd2 Qe7 16. d4 Rfe8 17. d5 b5 18. Nh4 Bc5 19. Nf5 Qf8 20. Qf3 Kh7 21. Ng3
Qe7 22. Nb1 Bxd5 23. exd5 e4 24. Qf5+ g6 25. Qh3 e3 26. Re2 exf2+ 27. Kf1 Qd6
28. Qxh6+ Kg8 29. Nc3 Rxe2 30. Ncxe2 Qxd5 31. Qd2 Ng4 32. Nf4 Nxh2+ 33. Ke2
Qe5+ 34. Kd1 f1=Q+ 35. Nxf1 Nxf1 36. Qd5 Qxd5+ 37. Nxd5 Rd8 38. Ke2 Rxd5 39.
Kxf1 Rd1+ 40. Ke2 Rg1 41. Kf3 f5 42. b4 Bd4 43. Rb1 Rf1+ 44. Ke2 Rg1 45. Kf3
Kf7 46. g3 g5 47. g4 fxg4+ 48. Ke4 Bb6 49. Ra1 Re1+ 50. Kd3 g3 51. Kd2 Rh1 0-1

[Event "13sen.WMH 2003 Senioren"]
[Site "Bad Zwischenahn(17.11.-29.11.2003)"]
[Date "2003.11.29"]
[Round "2.105"]
[White "Bergmann, Hans-Dieter"]
[Black "Rehe, Walter"]
[Result "0-1"]
[WhiteElo "1595"]
[BlackElo "1956"]
[PlyCount "82"]


1. e4 e6 2. d4 d5 3. Nc3 Bb4 4. e5 Ne7 5. a3 Ba5 6. b4 Bb6 7. Na4 Bd7 8. Nxb6
axb6 9. Qg4 Nf5 10. Bd3 h5 11. Qf4 Qh4 12. Bxf5 Qxf4 13. Bxf4 exf5 14. Nf3 Bb5
15. c3 O-O 16. Kd2 Re8 17. Rhe1 Nd7 18. Nh4 g6 19. Nf3 Nf8 20. Ng5 Ba4 21. Re3
Bb3 22. Kc1 b5 23. Kb2 Bc4 24. Nf3 Ne6 25. Bg5 b6 26. g3 c5 27. Ree1 Bd3 28.
Bd2 Rec8 29. Rec1 Be4 30. Ne1 cxd4 31. f3 dxc3+ 32. Bxc3 d4 33. Bd2 Bb7 34. f4
Rc4 35. Nd3 Be4 36. Nf2 Rac8 37. Kb3 Bc2+ 38. Kb2 Ba4 39. Be1 Rc2+ 40. Rxc2
Rxc2+ 41. Kb1 Re2 0-1

[Event "13sen.WMH 2003 Senioren"]
[Site "Bad Zwischenahn(17.11.-29.11.2003)"]
[Date "2003.11.29"]
[Round "2.107"]
[White "Wernitz, Armin"]
[Black "Peleikis, Horst"]
[Result "0-1"]
[WhiteElo "1456"]
[BlackElo "1916"]
[PlyCount "52"]


1. d4 Nf6 2. Nf3 g6 3. e3 Bg7 4. Be2 d6 5. O-O O-O 6. Nbd2 Nbd7 7. c3 c5 8. Qc2
b6 9. Ne4 Bb7 10. Ng3 Rc8 11. Nd2 cxd4 12. exd4 Qc7 13. Bf3 d5 14. Re1 e6 15.
Qd3 e5 16. dxe5 Nxe5 17. Qd4 Nfd7 18. Qe3 Rce8 19. Be2 d4 20. Qg5 dxc3 21. bxc3
Qxc3 22. Rb1 h6 23. Qf4 Nd3 24. Rb3 Nxf4 25. Rxc3 Bxc3 26. f3 Nxe2+ 0-1

[Event "13sen.WMH 2003 Senioren"]
[Site "Bad Zwischenahn(17.11.-29.11.2003)"]
[Date "2003.11.29"]
[Round "2.108"]
[White "Burreh, Heinz"]
[Black "Erdmann, Wolfgang"]
[Result "1/2-1/2"]
[WhiteElo "1777"]
[BlackElo "1538"]
[PlyCount "50"]


1. e4 d6 2. d4 Nf6 3. Nc3 g6 4. Be2 Bg7 5. Nf3 O-O 6. O-O c6 7. h3 Qc7 8. Be3
b5 9. Bd3 Bb7 10. Qd2 Re8 11. a3 e5 12. dxe5 dxe5 13. b4 Nbd7 14. Rfe1 a6 15.
Ne2 Rad8 16. Qc3 Nf8 17. a4 Qc8 18. axb5 cxb5 19. Qxc8 Rxc8 20. Ng3 N6d7 21.
Rad1 Nb8 22. Bc5 Ne6 23. c4 Nxc5 24. bxc5 bxc4 25. Bxc4 Rxc5 1/2-1/2

[Event "13sen.WMH 2003 Senioren"]
[Site "Bad Zwischenahn(17.11.-29.11.2003)"]
[Date "2003.11.29"]
[Round "2.109"]
[White "Steinbach, Horst"]
[Black "Ristic, Sreten"]
[Result "1/2-1/2"]
[WhiteElo "1497"]
[BlackElo "1772"]
[PlyCount "131"]


1. e4 e5 2. Nf3 Nc6 3. Bc4 Nf6 4. O-O Bc5 5. c3 O-O 6. Re1 a6 7. d4 exd4 8.
cxd4 Ba7 9. Nc3 h6 10. a4 Na5 11. Ba2 c5 12. e5 Nh7 13. dxc5 Bxc5 14. Ne4 Be7
15. Bf4 b5 16. Bd5 Bb7 17. Bxb7 Nxb7 18. axb5 a5 19. Qd3 Re8 20. Red1 Nf8 21.
Qd5 Rb8 22. Qd3 Rc8 23. Qd5 Nc5 24. Nxc5 Rxc5 25. Qd3 Rc8 26. Bd2 Ra8 27. Bc3
Bc5 28. Bd4 Bb4 29. Bc3 Bc5 30. Qd2 Bb6 31. Ra4 Qc7 32. Rda1 Rec8 33. h3 Qc5
34. Bd4 Qxb5 35. Bxb6 Qxb6 36. Rxa5 Rxa5 37. Rxa5 Qg6 38. b4 Rc2 39. Qe3 Rb2
40. b5 Ne6 41. Ra8+ Kh7 42. Rb8 Qb1+ 43. Qe1 Qd3 44. Qe3 Rb1+ 45. Kh2 Qc4 46.
Nd2 Qc7 47. Qe4+ g6 48. Nxb1 Qxb8 49. Nc3 Kg7 50. f4 Qb6 51. f5 gxf5 52. Qxf5
Qc5 53. Ne4 Qc2 54. Qg4+ Kf8 55. Nf6 Ke7 56. Ng8+ Kd8 57. Nxh6 Qf2 58. Nf5 Nf4
59. b6 Ng6 60. Qg5+ Ke8 61. Nd6+ Kf8 62. Qd8+ Kg7 63. Qxd7 Qf4+ 64. Kg1 Qe3+
65. Kh2 Qxe5+ 66. Kg1 1/2-1/2

[Event "13sen.WMH 2003 Senioren"]
[Site "Bad Zwischenahn(17.11.-29.11.2003)"]
[Date "2003.11.29"]
[Round "2.110"]
[White "Kaner, Klim"]
[Black "Nopp, Josef"]
[Result "1-0"]
[WhiteElo "1911"]
[BlackElo "1638"]
[PlyCount "65"]


1. g3 Nf6 2. Bg2 d6 3. d4 Nbd7 4. Nf3 e5 5. dxe5 dxe5 6. O-O Be7 7. Nc3 O-O 8.
e4 c6 9. Qe2 Qc7 10. h3 a5 11. a4 b6 12. Nd1 Ba6 13. c4 Nc5 14. Nd2 Rad8 15.
Ne3 g6 16. b3 Nd3 17. Ba3 Bxa3 18. Rxa3 Qd6 19. Raa1 Nc5 20. Rfd1 Qe6 21. g4
Rd3 22. Rab1 Rfd8 23. Nf3 Nfxe4 24. Rxd3 Rxd3 25. b4 Nc3 26. Qc2 Nxb1 27. bxc5
Rxe3 28. fxe3 Na3 29. Qb3 Nxc4 30. cxb6 Qd7 31. Bf1 e4 32. Bxc4 Bxc4 33. Ne5
1-0

[Event "13sen.WMH 2003 Senioren"]
[Site "Bad Zwischenahn(17.11.-29.11.2003)"]
[Date "2003.11.29"]
[Round "2.111"]
[White "Rauscher, Erwin[23AUT]"]
[Black "Sattler, Franz"]
[Result "1/2-1/2"]
[WhiteElo "1369"]
[BlackElo "1884"]
[PlyCount "30"]


1. d4 Nf6 2. c4 e6 3. Nf3 d5 4. cxd5 exd5 5. g3 c6 6. Bg2 Bf5 7. O-O Qb6 8. Nc3
Nbd7 9. Nh4 Bg4 10. h3 Bh5 11. g4 Nxg4 12. hxg4 Bxg4 13. Bf3 Bh3 14. Bg2 Bg4
15. Bf3 Bh3 1/2-1/2

[Event "13sen.WMH 2003 Senioren"]
[Site "Bad Zwischenahn(17.11.-29.11.2003)"]
[Date "2003.11.29"]
[Round "2.112"]
[White "Luecke, Volkmar"]
[Black "Bierwisch, Bernhard"]
[Result "0-1"]
[WhiteElo "1878"]
[BlackElo "2109"]
[PlyCount "76"]


1. Nf3 Nf6 2. g3 g6 3. Bg2 Bg7 4. O-O O-O 5. d4 d6 6. c4 Na6 7. Nc3 c5 8. d5
Bf5 9. Nh4 Bg4 10. h3 Bd7 11. e4 Rb8 12. a4 Nb4 13. f4 Nh5 14. Kh2 e5 15. f5 a6
16. Bf3 Nf6 17. Be2 Ne8 18. fxg6 hxg6 19. Bg4 Bxg4 20. Qxg4 Nf6 21. Qf3 Nh7 22.
Qg4 Nc2 23. Rb1 Nd4 24. Nf3 Qc8 25. Qxc8 Rfxc8 26. Ng5 Nf6 27. Kg2 Rc7 28. Kf2
b5 29. axb5 axb5 30. cxb5 Nxb5 31. Nxb5 Rxb5 32. Bd2 Rcb7 33. Bc1 Bh6 34. Nxf7
Rxf7 35. Bxh6 Ng4+ 36. Kg2 Nxh6 37. Rxf7 Nxf7 38. h4 c4 0-1